|
|
|
|
| LEADER |
01017nam a2200265 a 4500 |
| 001 |
3733222 |
| 003 |
BD-DhAAL |
| 008 |
090909s1982 njua b 001 0 eng d |
| 999 |
|
|
|c 4004
|d 4004
|
| 010 |
|
|
|a 81011940
|
| 020 |
|
|
|a 0131691511
|
| 040 |
|
|
|a DLC
|c DLC
|d DL
|d BD-DhAAL
|
| 082 |
0 |
0 |
|a 371.26
|2 19
|
| 100 |
1 |
|
|a Gronlund, Norman Edward,
|d 1920-
|9 31013
|
| 245 |
1 |
0 |
|a Constructing achievement tests /
|c Norman E. Gronlund.
|
| 250 |
|
|
|a 3rd ed.
|
| 260 |
|
|
|a Englewood Cliffs, N.J. :
|b Prentice-Hall,
|c c1982.
|
| 300 |
|
|
|a ix,148 p. :
|b ill. ;
|c 23 cm.
|
| 504 |
|
|
|a Includes bibliographies and index.
|
| 541 |
1 |
|
|e 00005134
|
| 650 |
|
0 |
|a Achievement tests
|x Design and construction.
|9 31014
|
| 650 |
|
0 |
|a Examinations
|x Design and construction.
|9 31015
|
| 852 |
4 |
|
|a Ayesha Abed Library
|j General shelf
|
| 942 |
|
|
|2 ddc
|c BK
|
| 952 |
|
|
|0 0
|1 0
|2 ddc
|4 0
|6 371_260000000000000_GRO_1982
|7 0
|9 4009
|a BRACUL
|b BRACUL
|c GEN
|d 2009-10-08
|g 0.00
|l 0
|o 371.26 GRO
|p 3010005134
|r 2009-10-08
|t 1
|w 2009-10-08
|y BK
|x No price found in the accession register.
|